00820nam a2200289Ia 4500001000600000003000500006008004100011010001100052040000900063082001800072100002300090245008000113260004300193300001000236440000500246500000500251503000800256650006000264650004300324901001800367902000600385910000900391942000600400942000700406999001900413952009800432Z_946CHAP220113s1988 xx 000 0 und d a164022 cCHAP a001.6424 J35y aJamsa, Kris961040 aTurbo Pascal : biblioteca de programas /cpor Kris Jamsa y Steven Nameroff aMéxico, D. F. :bMcGraw-Hill,c1988 a465 p a a aC/E aLenguajes de programación I. Nameroff, Steven9138083 aTurbo Pascal (Programación) 9115591 a001.6424 J35y aA a1988 c1 cc1 c164022d164022 00102ddc40708GRALaZbZc3d2005-11-09pz_0875r2022-01-18 00:00:00t1w2022-01-18yLIBRO